000 01107cam a2200241 4500
001 ABS64004
008 000000n2001 000 0 eng u
035 _a(Sirsi) u112556
100 _aBarber, G
245 _aBridge over troubled waters
260 _c2001
490 _aProperty Week
_v66(15) 12 April 2001, 68-69(2)
520 _aDiscusses the implications of the Insolvency Act 2000 for small companies and landlords. Provisions in the new Act will give small companies moratorium protection if they propose Voluntary Arrangements with their creditors, which will prevent creditors from taking legal action against them. Outlines the criteria required for small companies to obtain moratorium protection, and suggests that landlords should also favour the new procedures that will keep their small company tenants afloat.
590 _aABS
650 _aINSOLVENCY ACT 2000
650 _aINSOLVENCY ACT 1986
650 _aSMALL BUSINESSES
650 _aCREDITORS
650 _aVOLUNTARY ARRANGEMENTS
690 _aPROPERTY-LANDLORD AND TENANT
700 _aCollins, A
942 _n0
999 _c66992
_d66992